| 000 | 01611nam a2200421 a 4500 | ||
|---|---|---|---|
| 001 | vtls000212177 | ||
| 003 | NLI | ||
| 005 | 20210602120931.0 | ||
| 008 | 101126s1974 ilu 000 0 eng | ||
| 020 |
_a081010430X : _cUSD 30.75 (v.1) |
||
| 020 | _a0810104393 | ||
| 020 |
_a0810104318 : _cUSD 10.75 (v.2) |
||
| 039 | 9 |
_y201011260051 _zVLOAD |
|
| 040 | 0 |
_aNLI _beng _cVERGIS-2010 _eAACR2 |
|
| 041 | 1 |
_aeng _hfre |
|
| 044 | _ailu | ||
| 082 | 0 | 4 | _a848.91 |
| 245 | 0 | 4 |
_aThe writings of Jean-Paul Sartre / _ccompiled by Michel Contat and Michel Rybalka ; translated [from the French] by Richard C. McCleary |
| 260 |
_aEvanston : _bNorthwestern University Press, _c1974 |
||
| 300 |
_a2 v. ; _c24 cm. |
||
| 440 | 0 | _aNorthwestern University studies in phenomenology & existential philosophy | |
| 505 | 0 | _av.1. A bibliographical life -v.2 Selected prose | |
| 600 | 1 | 0 |
_aSartre, Jean-Paul, _d1905-1980 _vTranslations into English _9402109 |
| 700 | 1 |
_aContat, Michel, _4com _9402110 |
|
| 700 | 1 |
_aRybalka, Michel, _4com _9402111 |
|
| 700 | 1 |
_aMcCleary, Richard C., _4trl _9180643 |
|
| 740 | 2 | 2 | _aA bibliographical life. |
| 740 | 0 | 2 | _aSelected prose |
| 887 | _a | ||
| 901 |
_a463357 _b18.7.1980 _9v.1 |
||
| 901 |
_a463358 _b18.7.1980 _9v.2 |
||
| 902 | _aE 848.91 C 767 | ||
| 949 |
_AVIRTUAITEM _D10000 _X100 _6PUR000463357ENG _9v.1 |
||
| 942 |
_2ddc _cBKS |
||
| 949 |
_AVIRTUAITEM _D10000 _X100 _6PUR000463358ENG _9v.2 |
||
| 991 | _eswarnapriya | ||
| 999 |
_aVIRTUA40 _c219210 _d219210 |
||
| 999 | _aVTLSSORT0080*0200*0201*0202*0400*0410*0440*0820*2450*2600*3000*4400*5050*6000*7000*7001*7002*7400*7401*9010*9011*9020*9490*9491*9910*9991 | ||